[Event "Corus"]
[Site "Wijk aan Zee"]
[Date "2006.01.17"]
[Round "4"]
[White "Bacrot, Etienne"]
[Black "Gelfand, Boris"]
[Result "0-1"]
[WhiteElo "2717"]
[BlackElo "2723"]
[Annotator "Huebner,R"]
[PlyCount "122"]
[EventDate "2006.01.14"]
[EventType "tourn"]
[EventRounds "13"]
[EventCountry "NED"]
[EventCategory "19"]
[SourceTitle "CBM 111"]
[Source "ChessBase"]
[SourceDate "2006.04.04"]
[SourceVersion "1"]
[SourceVersionDate "2006.04.04"]
[SourceQuality "1"]

1. d4 d5 2. c4 c6 3. Nc3 Nf6 4. Nf3 dxc4 5. a4 Bf5 6. Ne5 Nbd7 7. Nxc4 Qc7 8.
g3 e5 9. dxe5 Nxe5 10. Bf4 Nfd7 11. Bg2 f6 12. O-O Nc5 13. Ne3 Bg6 14. b4 Ne6
15. b5 Rd8 16. Qb3 Nd4 17. Qb2 Bc5 18. Rfc1 (18. a5 O-O 19. a6 bxa6 20. bxc6
Ndxc6 21. Rxa6 Qc8 22. Ra4 {1/2-1/2 Riazantsev,A-Bareev,E/Kazan 2005/CBM 109 
(22).}) (18. Ne4 $4 Bxe4 19. Bxe4 g5 $19 {0-1 Zude,E-Sundararajan,K/Pardubice
2005/CBM 107 ext (37). (37)}) 18... Qe7 {Dies ist ein neuer, guter Zug. Der
Springer e5 wird entfesselt, die Dame aus der Schußlinie des Turms auf c1
gezogen und der Läufer auf c5 gedeckt; zudem wird ihm ein Ankerplatz auf b4
gesichert.} (18... O-O 19. Ne4 Be7 20. Nd5 Rxd5 21. Nxf6+ gxf6 $6 (21... Bxf6
22. Bxd5+ Kh8 23. Qxd4 Qe7 {führt zu unklarem Spiel.}) 22. Bxd5+ Kg7 $2 (22...
Kh8 {ist richtig; dann ist nach} 23. Qxd4 Qd7 24. bxc6 bxc6 25. Bxe5 fxe5 26.
Qxe5+ Bf6 27. Bxc6 {der Zug} Qg7 {möglich.}) 23. Qxd4 Qd7 24. bxc6 bxc6 25.
Bxe5 fxe5 26. Qxe5+ Bf6 27. Bxc6 Qd8 28. Qd5 Qb6 29. a5 {1-0 Govciyan,P-Hanley,
C/Hyerois 2001/EXT 2002 (29).}) 19. bxc6 $6 (19. a5 {sieht besser aus. In der
Folge gerät Weiß unmerklich mehr und mehr unter Druck. Ich vermag keine
wichtige Verbesserung bis zum 29. Zuge anzugeben.}) 19... bxc6 20. Ne4 Bb4 21.
Nc4 Nxc4 22. Rxc4 c5 23. e3 Ne6 24. Nc3 Nxf4 25. Bc6+ Kf8 26. Rxf4 Qe5 27. Rc1
a5 28. Bb5 (28. Be4 Bxc3 29. Qxc3 Rd1+ 30. Rxd1 Qxc3 31. Bxg6 hxg6 32. Rd8+ Kf7
33. Rxh8 g5 34. Re4 Qd3 {sieht unbequem für Weiß aus.}) (28. Bf3 Ke7 {macht
keinen wesentlichen Unterschied zur Partiefortsetzung.}) 28... Ke7 29. Qb3 $2 {
Weiß sollte den Turm des Schwarzen nicht auf d2 eindringen lassen.} (29. Bf1 {
ist umsichtiger, obwohl Schwarz klaren Vorteil behält: der Turm auf f4 bleibt
außer Spiel, und Schwarz entfaltet mit dem Läufer b4 und dem Besitz der
d-Linie starken Druck.}) 29... Rd2 30. e4 {Damit wird der Turm f4 ganz aufs
Abstellgleis verschoben, aber} ({auch die Fortsetzung} 30. Na2 Rhd8 31. Nxb4
axb4 32. a5 Qd5 {führt zu einer für Weiß hoffnungslosen Stellung, zum Beispiel}
33. Bc4 Rd1+ 34. Rxd1 Qxd1+ 35. Qxd1 Rxd1+ 36. Kg2 Bd3 {usw.}) (30. Bf1 Rhd8
31. Nb5 Rb2 32. Qc4 Bf7 33. Qe4 Qxe4 34. Rxe4+ Kf8 {überläßt dem Schwarzen
ebenfalls entscheidenden Druck. Ich sehe keine Rettung mehr für Weiß.}) 30...
Rhd8 31. Nd5+ Kf8 32. Qf3 Rd4 33. Rc4 (33. Nxb4 axb4 34. Bc6 c4 {überlebt Weiß
ebenfalls nicht.}) 33... Bd2 34. Rxc5 $6 (34. Rxd4 cxd4 35. Rg4 Bh5 36. Qa3+
Qd6 37. Qxd6+ Rxd6 38. Rh4 Bf3 {ist zäher, rettet aber natürlich die Partie
nicht.}) 34... Bxf4 $6 (34... Rxe4 {gewann auf der Stelle ohne Umschweife.}) (
34... Bxe4 35. Rxe4 Qxe4 36. Qxe4 Rxe4 {ist ebenfalls einfacher. Jetzt muß
sich Schwarz noch lange plagen.}) 35. Nxf4 Qxe4 36. Bc6 $6 ({Nach} 36. Qxe4
Rxe4 37. Nxg6+ hxg6 38. h4 {ist die Gewinnführung für Schwarz keineswegs
einfach. Jetzt behält Schwarz seinen wertvollen Läufer.}) 36... Qxf3 (36...
Rd1+ 37. Kg2 Qe1 38. Nxg6+ (38. Kh3 Bf7 {ist hoffnungslos für Weiß.}) 38...
hxg6 39. Kh3 R1d2 40. Kg2 Rxf2+ 41. Qxf2 Rd2 {führt wahrscheinlich auch eine
Gewinnstellung hebei, aber der Textzug ist einfacher.}) 37. Bxf3 Bf7 38. Rxa5
g5 39. Ne2 Rc4 40. h3 Rd1+ 41. Kg2 Ra1 42. Ra8+ Kg7 43. a5 Rca4 44. Rd8 Rxa5 {
Im allgemeinen gewinnt der Turm recht einfach gegen den Springer, wenn auf dem
Königsflügel drei gegen drei Bauern in normaler Formation vorhanden sind;
gegen den Läufer kann der Gewinn bei manchen Konstellationen dagegen die
größten Probleme geben.} 45. Nd4 f5 46. Rd7 Kf6 47. Rd6+ Ke5 48. Rd8 Rc5 49.
Nc6+ Ke6 50. Rh8 Kf6 51. Rxh7 g4 52. hxg4 fxg4 53. Be4 Re1 54. Nd8 Bd5 55. Rh6+
Ke7 56. Bxd5 Rxd5 57. Nc6+ Kd7 58. Rg6 Rdd1 59. Nb8+ Kc8 60. Rg8+ Kb7 61. Rxg4
Kxb8 {Gelfands Positionsspiel im Mittelspiel hat mich sehr beeindruckt.} 0-1

[Event "Prague m1"]
[Site "Prague"]
[Date "2006.08.09"]
[Round "1"]
[White "Navara, David"]
[Black "Gelfand, Boris"]
[Result "0-1"]
[WhiteElo "2719"]
[BlackElo "2729"]
[Annotator "Gelfand,Boris"]
[PlyCount "114"]
[EventDate "2006.07.29"]
[EventType "match"]
[EventRounds "4"]
[EventCountry "CZE"]
[SourceTitle "CBM 114"]
[Source "ChessBase"]
[SourceDate "2006.10.02"]
[SourceVersion "1"]
[SourceVersionDate "2006.10.02"]
[SourceQuality "1"]

1. d4 Nf6 2. c4 e6 3. Nf3 b6 4. g3 Bb7 5. Bg2 Be7 6. Nc3 O-O 7. Qc2 c5 8. d5
exd5 9. Ng5 (9. Nh4 b5 $1 {and Black got good counterplay in Kamsky,G-Adams,M/
Wijk aan Zee 2006/ und Schwarz bekam gutes Gegenspiel in Kamsky,G-Adams,M/Wijk
aan Zee 2006/}) 9... h6 ({Of course, I was not in the mood to repeat the
famous blunder Natürlich war ich nicht in Stimmung, den berühmten Kurzschluss
zu wiederholen:} 9... Nc6 $6 10. Nxd5 g6 11. Qd2 $1 $146 Nxd5 $2 (11... Rb8 $5
{Matanovic,A} 12. Nxe7+ $14) (11... Re8 $5 {(Matanovic,A)}) 12. Bxd5 Rb8 $4 (
12... Bxg5 {Matanovic,A} 13. Qxg5 Qxg5 14. Bxg5 Na5 15. Bxb7 Nxb7 16. O-O-O $16
) 13. Nxh7 $1 $18 Re8 (13... Kxh7 {Matanovic,A} 14. Qh6+ Kg8 15. Qxg6+ Kh8 16.
Qh6+ Kg8 17. Be4 f5 18. Bd5+ $18) 14. Qh6 Ne5 15. Ng5 Bxg5 16. Bxg5 Qxg5 17.
Qxg5 Bxd5 18. O-O Bxc4 19. f4 {1-0 Korchnoi,V-Karpov,A/Moscow (m/21) 18/571
1974/[Matanovic,A] (19)}) 10. Nxd5 ({Victor Kortchnoj was less successful in a
later game Weniger Erfolg hatte Victor Kortchnoj in der späteren Partie} 10.
Nh3 b5 11. Nf4 Nc6 12. cxd5 Nd4 13. Qd1 b4 14. Na4 Bd6 15. O-O Re8 16. e3 Nb5
17. a3 a5 18. Re1 Rc8 19. e4 Be5 {Kortschnoj,V-Stefansson,H/Reykjavik 2000/})
10... Bxd5 11. Bxd5 ({White could get 2 Bs vs 2 Ns advantage by Weiß hätte
sich den Vorteil 2 B gegen 2 N verschaffen können, doch nach} 11. cxd5 hxg5 $1
12. d6 Nc6 13. dxe7 Qxe7 14. Bxg5 (14. Bxc6 dxc6 15. Bxg5 $11) 14... d5 $1 {
but Black is doing well. , steht Schwarz gut.} 15. e3 (15. Bxd5 $2 Nb4) (15.
Bxf6 Qxf6 16. Bxd5 Nb4 17. Qb3 Nxd5 18. Qxd5 Qxb2) (15. Rd1 Rad8 $5 {/\
Nd4-e6= Tiviakov,S} (15... Nd4 $5 16. Qd2 Rad8 17. e3 Ne6 18. Bxf6 Qxf6 $11))
15... Qe6 {/\ Ne4} 16. Bxf6 Qxf6 17. O-O Rad8 $5 18. Rfd1 Rd6 19. Rd2 (19. Bxd5
$2 Nb4 20. Qb3 Rxd5 21. Rxd5 Nxd5 22. Qxd5 Rd8 $17 {/\ 23... Qb2, 23... Rd2})
19... Rfd8 20. Rad1 Qe5 $11 {Balashov,Y-Tiviakov,S/Sankt_Peterburg (zt) 1993/
Inf 57 (20)} (20... Qe6 $5 {Tiviakov,S})) 11... Nc6 12. Bxc6 dxc6 13. Nf3 {
It seems that White is slightly better due to Black's doubled-pawns on the
queenside. That's why we can find this assessment in some annotated games in
the database. But I think that the chances are equal. Es scheint, als stünde
Weiß afgrund der verdoppelten schwarzen Bauern am Damenflügel leicht besser.
Deshalb finden wir diese Einschätzung in manchen kommentierten Partien in der
Datenbank. Aber ich meine, die Chancen sind gleich.} Qc8 14. O-O Qe6 15. b3 ({
Black didn't face any problems also after Keine Probleme hatte Schwarz auch
nach} 15. Bf4 Rfe8 16. Rad1 Ne4 17. Nd2 Bf6 18. Nxe4 Qxe4 19. Rd2 g5 20. Be3
Qxc2 21. Rxc2 Bd4 {Loginov,V-Orlov,A/St Petersburg 1997}) 15... Ne4 16. Bb2 Bf6
17. Bxf6 Nxf6 {Of course, it would be better not to waste a tempo on retake on
f6 and then return the N to e4, but if Black would prepare it by 16...Rfe8,
then 17.Ne5 is unpleasant. Natürlich wäre es besser, für das Wiederschlagen
auf f6 kein Tempo zu verschwenden und dann mit dem N nach e4 zurückzukehren,
doch wenn Schwarz dies mit 16...Rfe8 vorbereitet, dann ist 17.Ne5 unangenehm.}
18. Rad1 Rfe8 {Black is building pressure along the e-line and this gives him
sufficient counterchances. Schwarz baut entlang der e-Linie Druck auf, und
dies gibt ihm ausreichende Gegenchancen.} ({I was hesitating how to place my
rooks, as Ich zögerte, wie ich meine Türme platzieren sollte, denn} 18... Rae8
{is also interesting with idea ist ebenfalls interessant mit der Idee} 19. Rfe1
(19. e3 Ne4) 19... Ne4 20. Nd2 f5 $5 (20... Ng5)) 19. Rfe1 $6 {The rook will
have to return to f1 soon to protect the f2 pawn. Der Turm wird bald nach f1
zurückkehren müssen, um den Bauern f2 zu decken.} ({More precise was  Genauer
war} 19. e3 Ne4 20. Rd3) (19. Rd2 {allows erlaubt} b5) 19... Ne4 20. Rd3 (20.
Nd2 Ng5 21. h4 Nh7) (20. Nh4 Rad8 21. Rxd8 Rxd8 22. Rd1 Rxd1+ 23. Qxd1 g5 {
loses a pawn. verliert einen Bauern.}) 20... Qf6 (20... Qf5 $5 {also deserved
attention, building pressure on the b1-h7 diagonal. verdiente ebenfalls
Aufmerksamkeit, um entlang der Diagonalen b1-h7 zu drücken.} 21. Re3 $140 $2
Nxg3) 21. Kg2 g5 $1 {Black is building up pressure and threatening g5-g4.
Schwarz erhöht den Druck und droht g5-g4.} 22. Rf1 ({I think it was worth to
include the h3 and h5 moves: Ich denke, es lohnte sich, die Züge h3 und h5
einzuschalten:} 22. h3 h5 23. Rf1 Rad8 24. Nd2) 22... Rad8 23. Rxd8 ({It looks
tempting to exchange some pieces: Es sieht verlockend aus, ein paar Figuren zu
tauschen:} 23. Nd2 $5 Rxd3 (23... Nd6 24. Nb1 Nf5 25. e3) (23... Nxd2 24. Qxd2
Rxd3 25. Qxd3 Rd8 26. Qc2) 24. Nxe4 Rxe4 25. Qxd3 {but after , doch nach} Rd4
26. Qc2 Qd6 {the control of the only open line indicates that Black's chances
have to be preferred. deutet die Kontrolle der einzigen offenen Linie darauf
hin, das die schwarzen Chancen vorzuziehen sind.}) 23... Qxd8 24. Rd1 (24. e3
Qf6 25. Ne1 (25. Nd2 Qc3 26. Qxc3 Nxc3 27. Rc1 Rd8) (25. Rd1 $1) 25... Qc3)
24... Qf6 25. h3 h5 (25... b5 $5 {/\ b4 deserved attenton, fixing the weak a2
pawn and strengthening control on the c3 square. kam in Betracht, um den
schwachen Bauern a2 festzulegen und die Kontrolle über das Feld c3 zu festigen.
}) (25... Nc3 $6 26. Rd3 Nxe2 $2 27. Re3 Rxe3 28. fxe3 Nc3 29. e4 {loses a
piece verliert eine Figur.}) 26. Qd3 {After a long thought David finds an
incredible tactical recourse. However, it plays into Black's hands. Nach
langem Nachdenken findet David eine unglaubliche taktische Ressource. Aber sie
spielt Schwarz in die Hände.} ({The simple Das einfache} 26. e3 {seems
sufficient to keep the balance. scheint ausreichend, um die Balance zu halten.}
Qf5 (26... Kg7 27. Rd7) (26... g4 27. hxg4 hxg4 28. Nh4 $11) 27. Ne1 g4 28. h4
{But after the strong Doch nach dem starken} Kh7 $1 {/\ Re6-f6 Black's attack
can become strong. kann der schwarze Angriff stark werden.}) 26... Kg7 $1 ({
Of course, not Natürlich nicht} 26... g4 $2 27. hxg4 hxg4 28. Qd7 Qe6 {the
only saving move Der einzig rettende Zug.} (28... gxf3+ 29. exf3 $16) (28...
Re6 29. Qc8+ Kg7 30. Rh1 gxf3+ 31. exf3 $18) 29. Qxe6 Rxe6 30. Nh2 $11) 27. Qd7
({The immediate Das sofortige} 27. Rf1 {was more stubborn. war hartnäckiger.})
27... Re6 28. Rf1 {Admitting that the queen advance was just a waste of time.
Räumt ein, dass der Damenvorstoß nur Zeitverschwendung war.} (28. Qc8 Qb2 $1 (
28... Nd6 $15) 29. Rd8 Qxe2 30. Rg8+ Kf6 31. Qd8+ Re7 $19) (28. Qd8 g4 $19)
28... Nc3 29. e3 ({It was worth considering to look for counterplay, even
though after Übelegenswert war es, Gegenspiel zu suchen, wenngleich nach} 29.
h4 gxh4 30. Nxh4 Nxe2 31. Qxa7 Qe5 $1 {Black is better. Schwarz besser steht.})
29... Rd6 30. Qxa7 Ne4 $2 {A natural move, Ein natürlicher Zug,} ({but
stronger was aber stärker war} 30... g4 31. hxg4 hxg4 32. Nh2 (32. Nh4 Rd2 33.
Qc7 Nd1 $1) 32... Qe6 {and White is helpless against the mating threats, for
example und Weiß ist hilflos gegen die Mattdrohungen, zum Beispiel} 33. Qb8
Qe4+ 34. f3 Rd2+ 35. Rf2 (35. Kh1 Qh7 36. Qe5+ Kg6) 35... gxf3+ 36. Nxf3 Rxf2+
37. Kxf2 Qc2+ 38. Kg1 Qd1+ 39. Kg2 Qe2+ 40. Kh3 Qxf3 41. Qe5+ Kg6 42. Qxc3 Qh1+
43. Kg4 Qh5+ 44. Kf4 Qf5#) 31. Qc7 ({Or} 31. g4 hxg4 32. hxg4 Qe6 33. Nh2 (33.
Kh3 Rd8 $19) 33... Rd2 $19) 31... g4 32. hxg4 hxg4 33. Nh4 (33. Nh2 {is
unsufficient because of reicht nicht aus wegen} Qe6 $1 ({Not so good is Nicht
so gut ist} 33... Qf5 34. Kg1 Rd2 35. Qf4 (35. f3 Ng5) 35... Qxf4 36. exf4 f5
37. Re1 $1 Nxf2 38. Nf1 {with excellent drawing chances mit ausgezeichneten
Remischancen.}) 34. Kg1 Nd2 $19) 33... Rd2 34. Qf4 Qxf4 35. exf4 Kf6 36. Kg1 (
36. a4 Rb2 37. Kg1 Rxb3 38. Ra1 Ke6 $17 {also leads to a difficult ending.
führt ebenfalls zu einem schwierigen Endspiel.}) 36... Rxa2 37. Ng2 Nd2 (37...
Ke6 $5) 38. Rd1 Ke6 (38... Nf3+ 39. Kf1 Ke6 $5) 39. Re1+ Kd7 40. Rd1 Kc7 41.
Ne3 Nxb3 42. Nxg4 {Despite the material balance, Black is close to winning, as
his pawns can run much quicker. Trotz des materiellen Gleichgewichts steht
Schwarz dicht vor dem Sieg, da seine Bauern viel schneller laufen können.} Nd4
$2 {It's natural to centralize one's N, but it allows some counterplay. Es ist
natürlich, den eigenen N zu zentralisieren, doch dies lässt Gegenspiel zu.} ({
Stronger was Stärker war} 42... b5 43. Ne5 f6) ({Or Oder} 42... Rd2 43. Re1 b5)
43. Nh6 $1 f5 ({Probably I had to dare to play Vermutlich musste ich} 43... b5
44. cxb5 cxb5 {wagen} {but I was not sure that I'll win after , aber ich war
nicht sicher, dass ich nach} 45. Nxf7 b4 46. Ne5 {gewinne.}) 44. Kg2 $2 {
Too slow. Zu langsam.} ({White is missing an excellent chance: Weiß verpasst
eine ausgezeichnete Chance:} 44. g4 $1 fxg4 45. f5 Ra3 (45... g3 46. fxg3 Ne2+
47. Kf1 Nxg3+ 48. Kg1 {The king is cut on the 1st rank, but Black has to take
care of the f-pawn. Der König ist auf der ersten Reihe abgeschnitten, aber
Schwarz muss auf den f-Bauern aufpassen.}) (45... Rc2 46. f6 Rxc4 47. Kg2 Ne6
48. Re1 $132) (45... Ra8 46. f6 Rf8 47. f7) 46. f6 Rf3 47. f7 $17 b5 48. Ra1
Kd6 49. Kg2 (49. Ra8 Ne6) 49... bxc4 (49... b4 50. Ra7) 50. Rc1 {with good
drawing chances. mit guten Remischancen.}) 44... Ra8 (44... b5 $5 {was also
interesting, but I decided to prevent the above-mentioned counterplay first.
war ebenfalls interessant, doch ich beschloss, zuerst das oben erwähnte
Gegenspiel zu verhindern.}) 45. Rc1 (45. g4 fxg4 46. Nxg4 Rf8 {winning the
f-pawn. mit Gewinn des f-Bauern.}) 45... Rf8 46. Ra1 (46. f3 Rf6 (46... Kd6 47.
Kf2 b5 48. Ke3) 47. Rh1 b5 48. g4 {seems to be White's last chance. scheint
die letzte Chance für Weiß zu sein.}) 46... b5 47. cxb5 (47. Nf7 bxc4 {doesn't
leave much chances to save the game as well. bietet ebenfalls keine großen
Überlebenschancen.}) 47... cxb5 48. Nf7 b4 ({I saw that also winning is Ich
sah, dass auch} 48... Rxf7 49. Ra7+ Kc6 50. Rxf7 b4 {, but prefered the
simplest way. gewinnt, bevorzugte aber den einfachsten Weg.}) 49. Ne5 b3 50. f3
Kd6 51. Ra6+ Kd5 52. g4 Rb8 53. Nd7 b2 54. Nb6+ Kc6 55. Na4+ Kb5 56. Ra7 b1=Q
57. Nc3+ Kb6 0-1